[Event "CAN-ch"]
[Site "Toronto CAN"]
[Date "2023.04.09"]
[Round "6.9"]
[White "Liu, Henry"]
[Black "Chen, Max"]
[Result "0-1"]
[WhiteElo "2213"]
[BlackElo "2345"]
[PlyCount "92"]
[EventDate "2023.04.06"]
[EventType "swiss"]
[EventRounds "9"]
[EventCountry "CAN"]

1. d4 Nf6 2. Bf4 b6 3. e3 Bb7 4. Nf3 Nh5 5. Bg5 h6 6. Bh4 g5 7. Bg3 Nxg3 8.
hxg3 Bg7 9. Nbd2 d6 10. c3 Nd7 11. e4 e6 12. a4 c5 13. Nc4 Qc7 14. dxc5 dxc5
15. Nd6+ Ke7 16. Nxb7 Qxb7 17. Bd3 g4 18. Nd2 Ne5 19. Qe2 Rad8 20. Ba6 Qc7 21.
O-O h5 22. Nc4 h4 23. Rad1 hxg3 24. Nxe5 Qxe5 25. Qxg4 gxf2+ 26. Kxf2 Bf6 27.
Rxd8 Rxd8 28. Ke2 Bg5 29. Rd1 Rh8 30. Bb7 c4 31. Rd4 Rh4 32. Qf3 Rf4 33. Qe3
Rf1 34. Qxg5+ Qxg5 35. Kxf1 Qc1+ 36. Ke2 Qxb2+ 37. Rd2 Qxc3 38. Bc6 Kf6 39. Kd1
Ke5 40. Rc2 Qb3 41. Kc1 c3 42. g4 Kd4 43. g5 Qa3+ 44. Kb1 a6 45. Rg2 Qb3+ 46.
Kc1 Qc4 0-1

[Event "CAN-ch"]
[Site "Toronto CAN"]
[Date "2023.04.09"]
[Round "6.10"]
[White "Huang, Youhe"]
[Black "Ning, Eric"]
[Result "1-0"]
[WhiteElo "2284"]
[BlackElo "2182"]
[PlyCount "57"]
[EventDate "2023.04.06"]
[EventType "swiss"]
[EventRounds "9"]
[EventCountry "CAN"]

1. e4 c5 2. Nc3 Nc6 3. Bb5 g6 4. Bxc6 dxc6 5. d3 Bg7 6. f4 e6 7. Nf3 Ne7 8. O-O
Qc7 9. e5 b6 10. Ne4 h6 11. Nd6+ Kf8 12. b3 Ba6 13. c4 Rd8 14. Qe2 Rxd6 15.
exd6 Qxd6 16. Bb2 Nf5 17. Be5 Qd7 18. Rfe1 f6 19. Bb2 Kf7 20. Rad1 Nd4 21. Qe4
Rd8 22. Kh1 Bc8 23. Rd2 Qd6 24. Rf1 Bh8 25. Ne5+ Ke7 26. Bxd4 fxe5 27. Bxe5
Bxe5 28. fxe5 Qd4 29. Rdf2 1-0

[Event "CAN-ch"]
[Site "Toronto CAN"]
[Date "2023.04.09"]
[Round "6.12"]
[White "Chen, Richard"]
[Black "Oancea, Nicolae"]
[Result "1/2-1/2"]
[WhiteElo "2172"]
[BlackElo "1991"]
[PlyCount "109"]
[EventDate "2023.04.06"]
[EventType "swiss"]
[EventRounds "9"]
[EventCountry "CAN"]

1. e4 e6 2. d4 d5 3. Nc3 Nf6 4. Bg5 dxe4 5. Nxe4 Nbd7 6. Nf3 Be7 7. Nxf6+ Nxf6
8. Bd3 O-O 9. O-O c5 10. c3 cxd4 11. Nxd4 Nd5 12. Bxe7 Qxe7 13. Qe2 g6 14. Rfe1
Bd7 15. Be4 Qc5 16. Rad1 Rad8 17. Nb3 Qb6 18. Bxd5 exd5 19. Rxd5 Ba4 20. Qd1
Bxb3 21. axb3 Rxd5 22. Qxd5 Rd8 23. Qg5 f6 24. Qf4 Qxb3 25. h3 Rd1 26. Rxd1
Qxd1+ 27. Kh2 Qb3 28. Qxf6 Qxb2 29. Qd8+ Kf7 30. Qd5+ Kg7 31. Qd4+ Kh6 32. Qe3+
Kg7 33. Qxa7 h5 34. Qd4+ Kh7 35. Qf6 Qb5 36. Qf7+ Kh6 37. f4 Qc6 38. Qf8+ Kh7
39. Qe7+ Kg8 40. Qe5 b5 41. f5 gxf5 42. Qxf5 Qc7+ 43. Kg1 Qxc3 44. Qxb5 Qd4+
45. Kh2 Qf4+ 46. Kg1 Qe3+ 47. Kf1 Qf4+ 48. Ke2 Qe4+ 49. Kf1 Qf4+ 50. Ke1 Qg3+
51. Kf1 Qf4+ 52. Kg1 Qe3+ 53. Kh1 Qc1+ 54. Kh2 Qf4+ 55. Kh1 1/2-1/2

[Event "CAN-ch"]
[Site "Toronto CAN"]
[Date "2023.04.09"]
[Round "6.13"]
[White "Zhu, Matthew"]
[Black "Joseph Benher, Savio"]
[Result "1-0"]
[WhiteElo "2113"]
[BlackElo "2120"]
[PlyCount "53"]
[EventDate "2023.04.06"]
[EventType "swiss"]
[EventRounds "9"]
[EventCountry "CAN"]

1. e4 e6 2. d4 d5 3. Nc3 Bb4 4. e5 b6 5. h4 Qd7 6. Qg4 Bf8 7. h5 h6 8. b4 Nc6
9. a3 Bb7 10. Bd3 Nge7 11. Nf3 Nf5 12. Qf4 Nfe7 13. Ne2 Nb8 14. a4 Nc8 15. c3
c5 16. b5 c4 17. Bc2 a6 18. g4 axb5 19. g5 Be7 20. Rg1 Kd8 21. Qxf7 Rf8 22.
Qxg7 Rxf3 23. gxh6 Kc7 24. h7 Rf8 25. Qxf8 Bxf8 26. h8=Q Be7 27. h6 1-0

[Event "CAN-ch"]
[Site "Toronto CAN"]
[Date "2023.04.10"]
[Round "7.15"]
[White "Latorre, Vincent"]
[Black "Xu, Daniel"]
[Result "1/2-1/2"]
[WhiteElo "2200"]
[BlackElo "2403"]
[PlyCount "95"]
[EventDate "2023.04.06"]
[EventType "swiss"]
[EventRounds "9"]
[EventCountry "CAN"]

1. e4 c5 2. c3 d5 3. exd5 Qxd5 4. d4 Nc6 5. Nf3 Bg4 6. Be2 e6 7. O-O Nf6 8. Na3
cxd4 9. Nb5 Rc8 10. Nbxd4 Nxd4 11. Nxd4 Bxe2 12. Qxe2 Be7 13. Bf4 O-O 14. Rfe1
a6 15. a4 Rfe8 16. Nf3 Qb3 17. Be5 Nd7 18. Bd4 e5 19. Nxe5 Bd6 20. Qg4 Nf6 21.
Qg5 h6 22. Qd2 Rcd8 23. Nf3 Ne4 24. Qd3 Nc5 25. Rxe8+ Rxe8 26. Bxc5 Bxc5 27.
Qd2 Qc4 28. b4 Re2 29. Qd8+ Bf8 30. Qd4 Qxd4 31. Nxd4 Rd2 32. Rb1 g6 33. Kf1
Bg7 34. Ke1 Rd3 35. Ne2 Bxc3+ 36. Nxc3 Rxc3 37. Rb2 b5 38. a5 Kf8 39. Kd2 Rc4
40. Rc2 Rxb4 41. Rc6 Rf4 42. Ke3 Ra4 43. Rxa6 Ke7 44. Ra7+ Ke6 45. a6 b4 46.
Kd4 Ra2 47. Rb7 Rxa6 48. Rxb4 1/2-1/2

[Event "CAN-ch"]
[Site "Toronto CAN"]
[Date "2023.04.10"]
[Round "7.16"]
[White "Rusonik, Max"]
[Black "Yang, Jingyun (Ryan)"]
[Result "0-1"]
[WhiteElo "2394"]
[BlackElo "2196"]
[PlyCount "70"]
[EventDate "2023.04.06"]
[EventType "swiss"]
[EventRounds "9"]
[EventCountry "CAN"]

1. e4 Nf6 2. e5 Nd5 3. d4 d6 4. Nf3 g6 5. Be2 Bg7 6. c4 Nb6 7. exd6 cxd6 8. Nc3
O-O 9. Be3 Bg4 10. h3 Bxf3 11. Bxf3 Nc6 12. b3 e6 13. Rb1 d5 14. c5 Nc8 15. g4
N8e7 16. Bg2 e5 17. Ne2 exd4 18. Nxd4 Nxd4 19. Bxd4 Bxd4 20. Qxd4 Nc6 21. Qd2
Re8+ 22. Kf1 Qe7 23. b4 Rad8 24. h4 Ne5 25. h5 Nc4 26. Qd4 Qe2+ 27. Kg1 Qxa2
28. Rd1 Ne5 29. hxg6 Nxg6 30. Bxd5 Rxd5 31. Qxd5 Re1+ 32. Kh2 Qxf2+ 33. Qg2
Qh4+ 34. Qh3 Re2+ 35. Kg1 Qf2# 0-1

[Event "CAN-ch"]
[Site "Toronto CAN"]
[Date "2023.04.10"]
[Round "7.17"]
[White "Guillemette, Hugo"]
[Black "Zhou, Aiden"]
[Result "1/2-1/2"]
[WhiteElo "2124"]
[BlackElo "2257"]
[PlyCount "100"]
[EventDate "2023.04.06"]
[EventType "swiss"]
[EventRounds "9"]
[EventCountry "CAN"]

1. e4 c6 2. d4 d5 3. e5 Bf5 4. h4 h5 5. Bd3 Bxd3 6. Qxd3 Qa5+ 7. Nd2 e6 8. Ngf3
Nh6 9. O-O Nf5 10. c4 Be7 11. g3 O-O 12. b3 Rd8 13. Bb2 c5 14. cxd5 Rxd5 15.
Nc4 Qd8 16. Ne3 Nxe3 17. fxe3 cxd4 18. exd4 Nc6 19. Qe4 Qb6 20. Kh2 Rad8 21.
Rf2 R8d7 22. Rg2 Bd8 23. g4 Nxd4 24. Nxd4 Rxd4 25. Bxd4 Rxd4 26. Qe2 Qc5 27.
Rd1 Rxd1 28. Qxd1 Qxe5+ 29. Kh1 Bxh4 30. gxh5 Bg5 31. Qf3 Qe1+ 32. Rg1 Qh4+ 33.
Kg2 e5 34. Rf1 Bf4 35. Qh3 Qg5+ 36. Kh1 f5 37. Rg1 Qd8 38. h6 Qd5+ 39. Rg2 g6
40. Qh4 Qd1+ 41. Rg1 Qf3+ 42. Rg2 Qd1+ 43. Rg1 Qd5+ 44. Rg2 Kh7 45. Qe7+ Kxh6
46. Qf8+ Kh7 47. Qe7+ Kh6 48. Qf8+ Kh7 49. Qe7+ Kh6 50. Qf8+ Kh7 1/2-1/2

[Event "CAN-ch"]
[Site "Toronto CAN"]
[Date "2023.04.10"]
[Round "7.18"]
[White "Song, Ethan"]
[Black "Barron, Michael"]
[Result "1/2-1/2"]
[WhiteElo "2088"]
[BlackElo "2244"]
[PlyCount "183"]
[EventDate "2023.04.06"]
[EventType "swiss"]
[EventRounds "9"]
[EventCountry "CAN"]

1. d4 f5 2. c4 Nf6 3. Nc3 d6 4. Nf3 g6 5. g3 Bg7 6. Bg2 O-O 7. O-O c6 8. Re1
Ne4 9. Qc2 Nxc3 10. bxc3 e5 11. dxe5 dxe5 12. Ba3 Re8 13. Rad1 Qf6 14. e4 f4
15. Rd6 Be6 16. Bh3 Bf8 17. Rxe6 Rxe6 18. Bxf8 Kxf8 19. Bxe6 Qxe6 20. Qd3 Nd7
21. gxf4 exf4 22. Kh1 Ne5 23. Nxe5 Qxe5 24. f3 Re8 25. Rd1 Kf7 26. Qc2 Qh5 27.
Rd7+ Re7 28. Qd3 Qh3 29. Rxe7+ Kxe7 30. c5 g5 31. Kg1 Qe6 32. Qd4 Kf7 33. a4
Qb3 34. Qd7+ Kg6 35. Qf5+ Kh6 36. Qh3+ Kg7 37. Qd7+ Qf7 38. Qd4+ Kg6 39. Qd6+
Kh5 40. e5 Qd5 41. Qe7 h6 42. Kg2 Kh4 43. Qf6 Qd2+ 44. Kf1 Qd3+ 45. Kg2 Qe2+
46. Kg1 Qxf3 47. Qxh6+ Qh5 48. Qd6 Qe2 49. Qh6+ Kg4 50. h3+ Kg3 51. Qxg5+ Kxh3
52. Qf5+ Kg3 53. Qg5+ Kf3 54. Qh5+ Ke3 55. Qxe2+ Kxe2 56. e6 f3 57. e7 f2+ 58.
Kh2 f1=Q 59. e8=Q+ Kd3 60. Qd7+ Kxc3 61. Qxb7 Qf2+ 62. Kh1 Qxc5 63. a5 Kd4 64.
a6 Ke5 65. Kg2 Kd6 66. Kh1 Qh5+ 67. Kg1 Qg4+ 68. Kh1 Qd7 69. Qb8+ Qc7 70. Qf8+
Kd5 71. Qb4 c5 72. Qb5 Kd6 73. Qc4 Kc6 74. Kg1 Kb6 75. Kf2 Qc6 76. Ke3 Qb5 77.
Qe6+ Ka5 78. Qa2+ Qa4 79. Qe6 Qd4+ 80. Ke2 c4 81. Qc6 Qb2+ 82. Kd1 c3 83. Qc5+
Ka4 84. Qd4+ Kb3 85. Qd5+ Ka3 86. Qa5+ Kb3 87. Qd5+ Ka4 88. Qc4+ Ka3 89. Qd3
Ka2 90. Qc2 Ka1 91. Qa4+ Qa2 92. Qxa2+ 1/2-1/2

[Event "CAN-ch"]
[Site "Toronto CAN"]
[Date "2023.04.10"]
[Round "7.19"]
[White "Plotkin, Victor"]
[Black "Huang, Youhe"]
[Result "1-0"]
[WhiteElo "2386"]
[BlackElo "2284"]
[PlyCount "135"]
[EventDate "2023.04.06"]
[EventType "swiss"]
[EventRounds "9"]
[EventCountry "CAN"]

1. e4 e5 2. Nf3 Nc6 3. Bc4 Nf6 4. d3 h6 5. Nc3 d6 6. h3 Na5 7. Bb3 Nxb3 8. axb3
g6 9. d4 exd4 10. Qxd4 a6 11. Bf4 Bg7 12. Qd2 g5 13. Be3 Qe7 14. O-O-O Be6 15.
Nd4 O-O-O 16. Rhe1 Rhe8 17. g4 Qf8 18. f4 gxf4 19. Bxf4 Nd7 20. Nf5 Bxf5 21.
exf5 Qh8 22. Kb1 Ne5 23. Qd5 Rd7 24. Re2 Nc6 25. Rxe8+ Qxe8 26. Qd2 Qh8 27. Re1
h5 28. g5 Be5 29. f6 h4 30. Nd5 Qh5 31. Qe2 Qh7 32. Qe4 Qh5 33. Qf5 Kd8 34. Be3
Bg3 35. Rf1 Ne5 36. Nf4 Bxf4 37. Bxf4 Ng6 38. Qe4 d5 39. Qe3 d4 40. Qe4 Nxf4
41. Qxf4 d3 42. cxd3 Qe2 43. Qf3 Qxf3 44. Rxf3 Ke8 45. Re3+ Kf8 46. Kc2 Rd5 47.
Re7 Rxg5 48. Rxc7 Kg8 49. Rc4 Rf5 50. Rxh4 Rxf6 51. d4 Rf2+ 52. Kc3 Rf3+ 53.
Kb4 a5+ 54. Kc4 b5+ 55. Kxb5 Rxb3+ 56. Kc6 Rxb2 57. d5 Kg7 58. d6 Kf6 59. Rd4
Rc2+ 60. Kb7 Rb2+ 61. Ka7 Rb4 62. Rd1 Rh4 63. d7 Rh8 64. d8=Q+ Rxd8 65. Rxd8
Kg5 66. Kb6 a4 67. Ra8 f5 68. Rxa4 1-0

[Event "CAN-ch"]
[Site "Toronto CAN"]
[Date "2023.04.10"]
[Round "7.22"]
[White "Latreille, Etienne"]
[Black "Zhu, Matthew"]
[Result "1-0"]
[WhiteElo "2194"]
[BlackElo "2113"]
[PlyCount "123"]
[EventDate "2023.04.06"]
[EventType "swiss"]
[EventRounds "9"]
[EventCountry "CAN"]

1. e4 c5 2. Nf3 d6 3. Bb5+ Bd7 4. Bxd7+ Qxd7 5. c4 Nf6 6. Nc3 g6 7. d4 cxd4 8.
Nxd4 Bg7 9. f3 O-O 10. Be3 Nc6 11. O-O a6 12. Qd2 Nxd4 13. Bxd4 b5 14. cxb5
axb5 15. b3 Rfd8 16. a4 bxa4 17. bxa4 Qe6 18. Nb5 Rdc8 19. Rfc1 Rxc1+ 20. Qxc1
Qb3 21. Qc3 Qxc3 22. Bxc3 Nd7 23. Bxg7 Kxg7 24. a5 Ra6 25. Nc7 Ra7 26. Nd5 Nc5
27. Ra3 Kf8 28. Kf2 Ke8 29. Ke3 Nb7 30. a6 Nc5 31. Kd4 Kd7 32. Nb4 Ne6+ 33. Kc4
Nc7 34. Ra5 Kc8 35. h4 Na8 36. h5 Rc7+ 37. Kd4 e6 38. e5 Nb6 39. Rb5 dxe5+ 40.
Kxe5 Nc4+ 41. Kf6 Nd6 42. Ra5 Kb8 43. hxg6 hxg6 44. g4 Ka7 45. Ra3 Nb5 46. Rd3
Nc3 47. Ke5 Nd5 48. Nxd5 exd5 49. Rxd5 Kxa6 50. Kf6 Kb6 51. Re5 Rd7 52. Re7
Rd6+ 53. Kxf7 Kc5 54. Re6 Rd3 55. Rf6 g5 56. Kg6 Kd5 57. Kxg5 Ra3 58. f4 Rg3
59. Kf5 Kd4 60. Re6 Kd5 61. Re1 Ra3 62. Rd1+ 1-0

[Event "CAN-ch"]
[Site "Toronto CAN"]
[Date "2023.04.10"]
[Round "7.23"]
[White "Oancea, Nicolae"]
[Black "Yang, Lefan"]
[Result "1-0"]
[WhiteElo "1991"]
[BlackElo "2180"]
[PlyCount "77"]
[EventDate "2023.04.06"]
[EventType "swiss"]
[EventRounds "9"]
[EventCountry "CAN"]

1. e4 c5 2. Nf3 Nc6 3. Bb5 e5 4. Nc3 d6 5. O-O a6 6. Bxc6+ bxc6 7. d3 Nf6 8.
Bg5 h6 9. Bh4 Be7 10. h3 Be6 11. b3 Qc7 12. Qd2 g5 13. Bg3 Nh5 14. Ne2 Nf4 15.
c3 Qd7 16. Bxf4 gxf4 17. Kh2 f5 18. Qc2 fxe4 19. dxe4 c4 20. Rad1 Qb7 21. b4 a5
22. Rb1 a4 23. a3 Qb5 24. Rbd1 O-O-O 25. Ned4 exd4 26. Nxd4 Qe5 27. Nxc6 Qg5
28. Nxd8 Rg8 29. Rg1 Bxd8 30. Qxa4 Qe5 31. Qc6+ Bc7 32. Kh1 Rg5 33. a4 f3 34.
g4 Bxg4 35. Rxg4 Rxg4 36. hxg4 Qf4 37. Qe8+ Kb7 38. Qb5+ Ka7 39. Qf5 1-0

[Event "CAN-ch"]
[Site "Toronto CAN"]
[Date "2023.04.10"]
[Round "7.24"]
[White "Joseph Benher, Savio"]
[Black "Liu, Henry"]
[Result "1-0"]
[WhiteElo "2120"]
[BlackElo "2213"]
[PlyCount "105"]
[EventDate "2023.04.06"]
[EventType "swiss"]
[EventRounds "9"]
[EventCountry "CAN"]

1. e4 e6 2. d4 d5 3. Nc3 Nf6 4. Bg5 dxe4 5. Nxe4 Bd7 6. Nf3 Bc6 7. Bd3 Be7 8.
Bxf6 gxf6 9. Qe2 Qd5 10. c4 Qa5+ 11. Kf1 Nd7 12. Ned2 O-O-O 13. Nb3 Qb4 14. Rc1
Kb8 15. Be4 Bxe4 16. Qxe4 f5 17. Qe1 Qxe1+ 18. Kxe1 Rhg8 19. g3 f6 20. Ke2 e5
21. d5 Nc5 22. Nxc5 Bxc5 23. Rcd1 Rg4 24. b3 c6 25. h3 Re4+ 26. Kf1 cxd5 27.
cxd5 Rb4 28. Kg2 Bd4 29. Nh4 Rxd5 30. Nxf5 Rd7 31. Rd2 Kc7 32. Rc1+ Kb6 33. Rc8
Rf7 34. Re8 Kc5 35. Rd8 a5 36. Rc2+ Kb6 37. Nd6 Rg7 38. Rcc8 Rc7 39. Nc4+ Rcxc4
40. Rxc4 Rxc4 41. bxc4 Kc5 42. Rd7 b6 43. Rxh7 Kb4 44. h4 Ka3 45. Rd7 Kxa2 46.
g4 Kb3 47. h5 Bb2 48. h6 e4 49. Rd6 Kxc4 50. Rxb6 Bd4 51. h7 Bxb6 52. h8=Q Bd4
53. Qa8 1-0

[Event "CAN-ch"]
[Site "Toronto CAN"]
[Date "2023.04.10"]
[Round "7.25"]
[White "Ning, Eric"]
[Black "Chen, Richard"]
[Result "0-1"]
[WhiteElo "2182"]
[BlackElo "2172"]
[PlyCount "74"]
[EventDate "2023.04.06"]
[EventType "swiss"]
[EventRounds "9"]
[EventCountry "CAN"]

1. d4 Nf6 2. c4 e6 3. Nc3 Bb4 4. Qc2 O-O 5. Bg5 d5 6. cxd5 exd5 7. e3 Be6 8.
Bd3 h6 9. Bh4 c5 10. a3 Bxc3+ 11. bxc3 c4 12. Be2 Nbd7 13. f3 Qa5 14. g4 b5 15.
Bg3 Nh7 16. Bd6 Rfe8 17. Kf2 f5 18. gxf5 Bxf5 19. Qxf5 Qxc3 20. Qxd5+ Kh8 21.
Re1 Qxe3+ 22. Kg2 a6 23. Bg3 Nhf6 24. Qd6 Qd2 25. Qf4 Qb2 26. a4 bxa4 27. Qc1
a3 28. Bd6 Qxd4 29. Rd1 Qb2 30. Kf1 Nd5 31. Bxa3 Qb5 32. Re1 Ne3+ 33. Kf2 Qg5
34. Bf1 Qh4+ 35. Ke2 Ng2+ 36. Kd2 Qd4+ 37. Kc2 Rxe1 0-1

[Event "CAN-ch"]
[Site "Toronto CAN"]
[Date "2023.04.10"]
[Round "8.13"]
[White "Yang, Jingyun (Ryan)"]
[Black "Sambuev, Bator"]
[Result "0-1"]
[WhiteElo "2196"]
[BlackElo "2514"]
[PlyCount "66"]
[EventDate "2023.04.06"]
[EventType "swiss"]
[EventRounds "9"]
[EventCountry "CAN"]

1. Nf3 g6 2. e4 Bg7 3. d4 d6 4. c3 Nc6 5. h3 e5 6. Bb5 Bd7 7. dxe5 Nxe5 8. Nxe5
Bxe5 9. Bxd7+ Qxd7 10. O-O Ne7 11. Qe2 O-O-O 12. Nd2 Kb8 13. Nf3 Bg7 14. Be3
Rde8 15. Qc4 f5 16. exf5 gxf5 17. Bd4 Ng6 18. Rae1 Be5 19. Bxe5 dxe5 20. Kh1 e4
21. Nd4 Ne5 22. Qb3 Nd3 23. Rd1 c5 24. Ne2 c4 25. Qc2 Rhg8 26. Ng1 Qg7 27. f4
e3 28. Qe2 Qg3 29. Nf3 Nxf4 30. Qc2 e2 31. Rg1 exd1=Q 32. Qxd1 Nd3 33. Qa4 Nf2#
0-1

[Event "CAN-ch"]
[Site "Toronto CAN"]
[Date "2023.04.10"]
[Round "8.17"]
[White "Plotkin, Victor"]
[Black "Guillemette, Hugo"]
[Result "1/2-1/2"]
[WhiteElo "2386"]
[BlackElo "2124"]
[PlyCount "107"]
[EventDate "2023.04.06"]
[EventType "swiss"]
[EventRounds "9"]
[EventCountry "CAN"]

1. e4 c5 2. Nf3 e6 3. c3 Nf6 4. e5 Nd5 5. d4 cxd4 6. cxd4 b6 7. Nc3 Nxc3 8.
bxc3 Qc7 9. Bd2 Bb7 10. Bd3 d6 11. O-O Nd7 12. exd6 Bxd6 13. Qe2 O-O 14. h3 h6
15. Rfd1 Rfe8 16. Be4 Rac8 17. Bxb7 Qxb7 18. c4 Qa6 19. Rdc1 e5 20. d5 Nf6 21.
Nh4 Ba3 22. Rc2 Qa4 23. Qd3 e4 24. Qb3 Qxb3 25. axb3 Bc5 26. Rca2 a5 27. Nf5
Kh7 28. Re1 g6 29. Ng3 Bd6 30. Be3 Nd7 31. Ne2 Nc5 32. Bxc5 Bxc5 33. Rd1 e3 34.
f3 f5 35. Kf1 g5 36. Nd4 Bxd4 37. Rxd4 f4 38. Ke2 Rcd8 39. Re4 Kg6 40. Kd3 Kf5
41. Rd4 h5 42. Re2 Rd6 43. Re1 Re7 44. Ke2 Re8 45. Rg1 h4 46. Ra1 Re7 47. Ra4
Re8 48. Ra1 Re7 49. Rad1 Re8 50. Ra1 Re7 51. Ra2 Re8 52. Rc2 Re7 53. Ra2 Re8
54. Ra1 1/2-1/2

[Event "CAN-ch"]
[Site "Toronto CAN"]
[Date "2023.04.10"]
[Round "8.18"]
[White "Song, Ethan"]
[Black "Latorre, Vincent"]
[Result "1/2-1/2"]
[WhiteElo "2088"]
[BlackElo "2200"]
[PlyCount "47"]
[EventDate "2023.04.06"]
[EventType "swiss"]
[EventRounds "9"]
[EventCountry "CAN"]

1. Nf3 Nf6 2. d4 g6 3. c4 Bg7 4. Nc3 d6 5. e4 O-O 6. h3 e5 7. d5 a5 8. Bd3 Na6
9. Be3 Nh5 10. Qd2 Nc5 11. Bc2 Nf4 12. Rh2 f5 13. O-O-O b6 14. Bxf4 exf4 15.
exf5 Bxf5 16. Bxf5 Rxf5 17. Rhh1 a4 18. Nb5 Rf7 19. Nfd4 Qf6 20. Rhe1 f3 21.
gxf3 Qh4 22. Kb1 Be5 23. Qc2 Rf4 24. Nc6 1/2-1/2

[Event "CAN-ch"]
[Site "Toronto CAN"]
[Date "2023.04.10"]
[Round "8.19"]
[White "Barron, Michael"]
[Black "Rusonik, Max"]
[Result "0-1"]
[WhiteElo "2244"]
[BlackElo "2394"]
[PlyCount "62"]
[EventDate "2023.04.06"]
[EventType "swiss"]
[EventRounds "9"]
[EventCountry "CAN"]

1. e4 c5 2. Nf3 d6 3. d4 cxd4 4. Nxd4 Nf6 5. f3 e5 6. Nb3 a5 7. a4 Be7 8. Bb5+
Nc6 9. Nc3 O-O 10. Be3 Nb4 11. Nd5 Nfxd5 12. exd5 Bf5 13. Rc1 Bg5 14. Bxg5 Qxg5
15. Kf2 Qg6 16. c3 Nd3+ 17. Bxd3 Bxd3 18. c4 e4 19. Re1 Rfe8 20. Re3 Rac8 21.
Nd2 f5 22. fxe4 fxe4 23. Kg1 Rf8 24. Qe1 Rf4 25. b3 Rcf8 26. h3 Qg5 27. Rg3 Qe5
28. Qe3 Rf2 29. Rd1 Re2 30. Qg5 Qxg5 31. Rxg5 Bc2 0-1

[Event "CAN-ch"]
[Site "Toronto CAN"]
[Date "2023.04.10"]
[Round "8.20"]
[White "Huang, Youhe"]
[Black "Latreille, Etienne"]
[Result "1-0"]
[WhiteElo "2284"]
[BlackElo "2194"]
[PlyCount "87"]
[EventDate "2023.04.06"]
[EventType "swiss"]
[EventRounds "9"]
[EventCountry "CAN"]

1. e4 c5 2. Nc3 Nc6 3. Bb5 g6 4. Bxc6 dxc6 5. d3 e5 6. Nf3 Bg7 7. O-O Ne7 8.
Be3 b6 9. Qc1 h6 10. a4 a5 11. Nd2 g5 12. Nc4 Ng6 13. Ne2 Be6 14. b3 Rb8 15.
Ng3 Nf4 16. Qd2 Rb7 17. Rad1 O-O 18. Rfe1 Re8 19. f3 Rd7 20. Ne2 Kh7 21. g3 Ng6
22. Kg2 f5 23. exf5 Bxf5 24. Nc3 g4 25. Qf2 Rf7 26. fxg4 Be4+ 27. dxe4 Rxf2+
28. Bxf2 Qc7 29. Nd6 Rd8 30. Nf5 Bf8 31. h4 c4 32. bxc4 Bb4 33. Rxd8 Qxd8 34.
Rd1 Qc7 35. Ne2 Qf7 36. Be3 Qxc4 37. Rd7+ Kh8 38. Kf3 Nf8 39. Rb7 b5 40. Nxh6
bxa4 41. g5 a3 42. h5 Qe6 43. Nf4 exf4 44. Bd4+ 1-0

[Event "CAN-ch"]
[Site "Toronto CAN"]
[Date "2023.04.10"]
[Round "8.22"]
[White "Zhu, Matthew"]
[Black "Clyde, Jordan"]
[Result "0-1"]
[WhiteElo "2113"]
[BlackElo "2247"]
[PlyCount "52"]
[EventDate "2023.04.06"]
[EventType "swiss"]
[EventRounds "9"]
[EventCountry "CAN"]

1. e4 Nf6 2. e5 Ng8 3. d4 d5 4. Bd3 c5 5. c3 Nc6 6. Ne2 Bd7 7. Nd2 cxd4 8. cxd4
Qb6 9. O-O Nb4 10. Bb1 Bb5 11. Nf3 e6 12. Re1 Bxe2 13. Rxe2 Nc6 14. a3 Nge7 15.
Bg5 h6 16. Bxe7 Bxe7 17. Ba2 O-O-O 18. b4 Kb8 19. Rb1 Rc8 20. Rc2 g5 21. b5 Na5
22. Rxc8+ Rxc8 23. Qd3 Qc7 24. Bb3 Qc3 25. Qd1 Nxb3 26. Rxb3 Qxb3 0-1

[Event "CAN-ch"]
[Site "Toronto CAN"]
[Date "2023.04.10"]
[Round "8.24"]
[White "Yang, Lefan"]
[Black "Joseph Benher, Savio"]
[Result "1/2-1/2"]
[WhiteElo "2180"]
[BlackElo "2120"]
[PlyCount "72"]
[EventDate "2023.04.06"]
[EventType "swiss"]
[EventRounds "9"]
[EventCountry "CAN"]

1. d4 Nf6 2. c4 e6 3. Nc3 Bb4 4. e3 b6 5. Nge2 Ba6 6. a3 Be7 7. Nf4 d5 8. Qa4+
c6 9. cxd5 Bxf1 10. Rxf1 exd5 11. Bd2 O-O 12. f3 Bd6 13. Nce2 a5 14. Kf2 b5 15.
Qc2 Ra6 16. Qd3 Nbd7 17. a4 Qb6 18. axb5 cxb5 19. Qf5 Qb7 20. Rfc1 Nb6 21. b3
a4 22. Qd3 Nbd7 23. bxa4 Rxa4 24. Qb3 Qa8 25. Bc3 Rb8 26. Nd3 Qa6 27. Bb2 Rxa1
28. Rxa1 Qb7 29. Ne5 Re8 30. Qd3 b4 31. Rb1 Qb8 32. Nc6 Qa8 33. Ne5 Qb8 34. Nc6
Qb6 35. Rc1 Ra8 36. Ne5 Re8 1/2-1/2

[Event "CAN-ch"]
[Site "Toronto CAN"]
[Date "2023.04.11"]
[Round "9.15"]
[White "Sambuev, Bator"]
[Black "Song, Ethan"]
[Result "1-0"]
[WhiteElo "2514"]
[BlackElo "2088"]
[PlyCount "85"]
[EventDate "2023.04.06"]
[EventType "swiss"]
[EventRounds "9"]
[EventCountry "CAN"]

1. d4 Nf6 2. Nf3 e6 3. e3 d5 4. Bd3 Bd6 5. b3 O-O 6. O-O Nbd7 7. Bb2 Ne4 8. c4
b6 9. Nc3 Bb7 10. cxd5 exd5 11. Qc2 Nxc3 12. Qxc3 Qe7 13. b4 a5 14. b5 Rae8 15.
a4 Rc8 16. Qb3 c5 17. bxc6 Bxc6 18. Ba6 Rc7 19. Rfc1 Ba8 20. Rxc7 Bxc7 21. Ba3
Bd6 22. Bxd6 Qxd6 23. Rc1 Nb8 24. Bb5 Bb7 25. Qc3 Qe6 26. Qa3 Bc6 27. Ng5 Qg6
28. h4 Bxb5 29. axb5 h6 30. Nh3 Qf5 31. Nf4 Qd7 32. Qb3 Rd8 33. g3 g5 34. hxg5
hxg5 35. Nh5 Qh3 36. Qd1 Kh7 37. g4 f5 38. Rc7+ Kh6 39. Nf6 Rh8 40. gxf5 g4 41.
Nxg4+ Kg5 42. Rg7+ Kh4 43. Nf6 1-0

[Event "CAN-ch"]
[Site "Toronto CAN"]
[Date "2023.04.11"]
[Round "9.17"]
[White "Guillemette, Hugo"]
[Black "Xu, Daniel"]
[Result "0-1"]
[WhiteElo "2124"]
[BlackElo "2403"]
[PlyCount "82"]
[EventDate "2023.04.06"]
[EventType "swiss"]
[EventRounds "9"]
[EventCountry "CAN"]

1. e4 c5 2. Nf3 d6 3. Bb5+ Nd7 4. d4 Ngf6 5. O-O a6 6. Bxd7+ Nxd7 7. Nc3 e6 8.
Bg5 Qc7 9. Re1 cxd4 10. Qxd4 Ne5 11. Nxe5 dxe5 12. Qd3 h6 13. Be3 b5 14. Rad1
Be7 15. Qe2 O-O 16. Rd3 Bd7 17. Red1 Bc6 18. a3 a5 19. R3d2 Qb7 20. Qh5 b4 21.
axb4 axb4 22. Ne2 Bxe4 23. f3 Bg6 24. Qxe5 Bf6 25. Qg3 Bxb2 26. Nf4 Bc3 27. Re2
Qb5 28. h4 e5 29. Nd3 Kh8 30. Nc1 Rfd8 31. Rxd8+ Rxd8 32. Qf2 Rd1+ 33. Kh2 e4
34. Nb3 Qb8+ 35. g3 Bh5 36. Nd2 exf3 37. Re1 Rxe1 38. Qxe1 Qb5 39. Kg1 Qf5 40.
Qf1 Qxc2 41. Nxf3 Bd4 0-1

[Event "CAN-ch"]
[Site "Toronto CAN"]
[Date "2023.04.11"]
[Round "9.18"]
[White "Rusonik, Max"]
[Black "Zhou, Aiden"]
[Result "1-0"]
[WhiteElo "2394"]
[BlackElo "2257"]
[PlyCount "91"]
[EventDate "2023.04.06"]
[EventType "swiss"]
[EventRounds "9"]
[EventCountry "CAN"]

1. e4 c6 2. d4 d5 3. e5 Bf5 4. h4 h5 5. Bg5 Qa5+ 6. Nd2 e6 7. c3 Nd7 8. b4 Qc7
9. Ngf3 Nh6 10. Nb3 b6 11. Qd2 Bg6 12. Be2 Nf5 13. O-O Be7 14. a4 O-O 15. Nc1
Qd8 16. g3 f6 17. Bf4 fxe5 18. Nxe5 Nxe5 19. Bxe5 Nd6 20. Bxd6 Bxd6 21. f4 c5
22. Nd3 cxd4 23. cxd4 Rc8 24. Rac1 Rxc1 25. Rxc1 Qe8 26. b5 Bf5 27. Rc6 Bb8 28.
Kh2 g6 29. Qc3 Qd7 30. Bd1 Qd8 31. Bc2 Re8 32. Ne1 Bxf4 33. gxf4 Qxh4+ 34. Kg1
Bxc2 35. Ng2 Qf6 36. Qxc2 Qxd4+ 37. Kh2 Kf7 38. Rc7+ Re7 39. Rxe7+ Kxe7 40.
Qc7+ Kf6 41. Qxa7 Qf2 42. Qc7 d4 43. a5 bxa5 44. b6 h4 45. Qd8+ Kg7 46. Qe7+
1-0

[Event "CAN-ch"]
[Site "Toronto CAN"]
[Date "2023.04.11"]
[Round "9.20"]
[White "Chen, Max"]
[Black "Latreille, Etienne"]
[Result "1-0"]
[WhiteElo "2345"]
[BlackElo "2194"]
[PlyCount "53"]
[EventDate "2023.04.06"]
[EventType "swiss"]
[EventRounds "9"]
[EventCountry "CAN"]

1. b3 d5 2. Bb2 Nf6 3. Nf3 c6 4. g3 Bf5 5. Bg2 Nbd7 6. d3 h6 7. O-O e6 8. Nbd2
Be7 9. e4 dxe4 10. Nxe4 Nxe4 11. dxe4 Bxe4 12. Bxg7 Rh7 13. Bc3 Bf6 14. Bxf6
Qxf6 15. Qe2 Bf5 16. Nh4 Rh8 17. Rad1 Bh7 18. Rd6 Nb6 19. Rfd1 Kf8 20. c4 Re8
21. Nf3 Kg7 22. Ne5 Rd8 23. Qg4+ Bg6 24. Nxg6 fxg6 25. c5 Nc8 26. Rd7+ Rxd7 27.
Rxd7+ 1-0